Statistics for Western (Political) Countries

Click here to take the quiz!

General Stats

  • This quiz has been taken 41 times
  • The average score is 51 of 59

Answer Stats

ContinentCountry% Correct
South AmericaBrazil
97%
EuropeUnited Kingdom
97%
South AmericaArgentina
95%
OceaniaAustralia
95%
North AmericaCanada
95%
South AmericaChile
95%
South AmericaColombia
95%
EuropeFrance
95%
North AmericaUnited States
95%
EuropeAustria
92%
EuropeBelgium
92%
EuropeDenmark
92%
EuropeGermany
92%
EuropeLuxembourg
92%
North AmericaMexico
92%
OceaniaNew Zealand
92%
EuropeNorway
92%
EuropePortugal
92%
South AmericaVenezuela
92%
North AmericaBahamas
89%
South AmericaBolivia
89%
South AmericaEcuador
89%
EuropeIceland
89%
EuropeIreland
89%
South AmericaPeru
89%
EuropeSweden
89%
North AmericaTrinidad and Tobago
89%
South AmericaUruguay
89%
EuropeAndorra
86%
EuropeNetherlands
86%
EuropeSan Marino
86%
EuropeSpain
86%
EuropeFinland
84%
EuropeGreece
84%
North AmericaGuatemala
84%
EuropeLiechtenstein
84%
EuropeMonaco
84%
South AmericaParaguay
84%
North AmericaSt Kitts and Nevis
84%
North AmericaSt Lucia
84%
South AmericaSuriname
84%
EuropeSwitzerland
84%
EuropeVatican City
84%
North AmericaAntigua and Barbuda
81%
North AmericaBarbados
81%
North AmericaBelize
81%
North AmericaDominica
81%
North AmericaEl Salvador
81%
North AmericaGrenada
81%
North AmericaHonduras
81%
EuropeMalta
81%
North AmericaPanama
81%
North AmericaSt Vincent and the Grenadines
81%
North AmericaCosta Rica
78%
North AmericaHaiti
78%
EuropeItaly
78%
North AmericaJamaica
78%
South AmericaDominican Republic
70%
EuropeCroatia
43%

Score Distribution

Percentile by Number Answered

Percent of People with Each Score

Your Score History

You have not taken this quiz